Normal view
MARC view
- اعداد الجمال، عبد النبي؛ تقديم، درويش، كمال
Entry Personal Name
001 - CONTROL NUMBER
- control field: 14139
003 - CONTROL NUMBER IDENTIFIER
- control field: JO-AjAnu
005 - DATE AND TIME OF LATEST TRANSACTION
- control field: 20230606072547.0
008 - FIXED-LENGTH DATA ELEMENTS
- fixed length control field: 230606|| aca||aabn | a|a d
040 ## - CATALOGING SOURCE
- Original cataloging agency: JO-AjAnu
- Transcribing agency: JO-AjAnu
100 ## - HEADING--PERSONAL NAME
- Personal name: اعداد الجمال، عبد النبي؛ تقديم، درويش، كمال
670 ## - SOURCE DATA FOUND
- Source citation: Work cat.: (JO-AjAnu)7268: اعداد الجمال، عبد النبي؛ تقديم، درويش، كمال, author, الموسوعة العربية للتنس : الأخطاء الشائعة وكيفية تصحيحها، الجزء الثالث